| 000 | 01254cam a2200349 a 4500 | ||
|---|---|---|---|
| 999 |
_c2966 _d2966 |
||
| 001 | 15872029 | ||
| 003 | GZU | ||
| 005 | 20201111152115.0 | ||
| 008 | 090818s2011 njua b 001 0 eng | ||
| 010 | _a 2009034096 | ||
| 020 | _a9780136114468 | ||
| 020 | _a0136114466 | ||
| 035 | _a(OCoLC)ocn432315188 | ||
| 040 |
_aDLC _beng _cDLC _dYDX _dYDXCP _dDLC |
||
| 042 | _apcc | ||
| 050 | 0 | 0 |
_aTS 155 _b.HEI 2011 |
| 082 | 0 | 0 |
_a658.5 _222 |
| 100 | 1 | _aRender, Barry. | |
| 245 | 1 | 0 |
_aPrinciples of operations management / _cJay Heizer, Barry Render. |
| 246 | 3 | 0 | _aOperations management |
| 250 | _a8th ed. | ||
| 260 |
_aUpper Saddle River, N.J. : _bPrentice Hall, _cc2011. |
||
| 300 |
_a1 v. (various pagings) : _bcol. ill. ; _c28 cm. |
||
| 500 | _aOriginal edition: Principles of operations management : building and managing world-class operations / Barry Render, Jay Heizer. c1995. | ||
| 504 | _aIncludes bibliographical references and indexes. | ||
| 650 | 0 | _aProduction management. | |
| 650 | 0 | _aOperations research. | |
| 700 | 1 | _aHeizer, Jay. | |
| 906 |
_a7 _bcbc _corignew _d1 _eecip _f20 _gy-gencatlg |
||
| 942 |
_2lcc _cBK _e8th ed. _h155 _iHEI _kTS |
||